000 00343nam a22001457a 4500
020 _a978-93-81318-69-0
082 _a894.812.3
_bMOO/K
100 _aMOOSAKUTTY, M
245 _aQURAN KATHAKAL KUTTIKALKKU
250 _aFIRST
260 _aTHRISSUR
_bH&C PUBLISHING HOUSE
_c2002
300 _a128
650 _aSHORT STORY
_zKERALA
942 _cBK
999 _c1275
_d1275